000 00914cam a2200253Ia 4500
001 cheyennesunrise00oban
003 CaSfIA
005 20230525155018.0
007 cr||||
008 900720s1990 nyu 000 1 eng d
040 _aJJG
_cJJG
_dZZC
_dSLC
_dOCLCQ
_dBAKER
_dBTCTA
_dECASD
_dCaSfIA
020 _a0821730886 (pbk.)
020 _a9780821730881 (pbk.)
035 _a(OCoLC)22104706
050 4 _aPS3565.B28
_bC43 1990x
100 1 _aO'Banyon, Constance.
245 1 0 _aCheyenne sunrise /
_h[electronic resource]
_cConstance O'Banyon.
260 _aNew York :
_bZebra Books,
_cc1990.
300 _a384 p. ;
_c18 cm.
655 7 _aHistorical fiction.
_2gsafd
650 0 _aLove
_vFiction.
856 4 1 _uhttp://www.archive.org/details/cheyennesunrise00oban
_zFree eBook from the Internet Archive
856 4 2 _uhttp://www.openlibrary.org/books/OL11418587M
_zAdditional information and access via Open Library
999 _c21133
_d21133